| 000 | 005600000a22001810004500 | ||
|---|---|---|---|
| 003 | MACL | ||
| 005 | 20160217153911.0 | ||
| 008 | 160217b xxu||||| |||| 00| 0 eng d | ||
| 040 |
_aMACL _cMACL |
||
| 041 | _aHindi | ||
| 082 | _a338 | ||
| 100 |
_aमाहेश्वरी डा. पी. डी _938246 |
||
| 245 | _aआर्थिक एवं वाणिज्यिक भूगाेल | ||
| 260 |
_bसुनील पब्लिशर्स _c1982 _aभोपाल |
||
| 350 | _a11 | ||
| 650 |
_aCommerce _938714 |
||
| 942 |
_cHIN _k338 _2ddc |
||
| 999 |
_c29388 _d29388 |
||